000 00483nam a2200181Ia 4500
001 16725
005 20260306170332.0
008 260306t2015||||xx |||||||||||||| ||und||
041 _aESP
082 _a349.7014
_bB115
100 _aBañales Leoz, Jesús María
_eAUT
245 0 _aLa lengua latina del código de derecho canónico:
_b(setudio sintáctico)
260 _c2015
300 _a220 páginas :
_c24 cm.
650 _aGEN
654 _aCDE
942 _cLIB
_dJUS
_fJUS
_2ddc
_n
999 _c16725
_d16725